<?xml version="1.0" encoding="UTF-8"?>
<collection xmlns="http://www.loc.gov/MARC21/slim">
 <record>
  <leader>05302nam a22002897a 4500</leader>
  <controlfield tag="001">NCT_37911</controlfield>
  <controlfield tag="008">180601b        xxu||||| |||| 00| 0 vie d</controlfield>
  <datafield tag="999" ind1=" " ind2=" ">
   <subfield code="c">1831</subfield>
   <subfield code="d">1831</subfield>
  </datafield>
  <datafield tag="020" ind1=" " ind2=" ">
   <subfield code="a">9786048200749</subfield>
   <subfield code="c">50000</subfield>
  </datafield>
  <datafield tag="082" ind1="4" ind2="0">
   <subfield code="2">23rd ed.</subfield>
   <subfield code="a">702.075</subfield>
   <subfield code="b">M.600</subfield>
  </datafield>
  <datafield tag="100" ind1="1" ind2=" ">
   <subfield code="a">Nguyễn Thị Lan Phương</subfield>
   <subfield code="d">Chủ biên</subfield>
  </datafield>
  <datafield tag="245" ind1="1" ind2="0">
   <subfield code="a">Giáo trình cơ sở Mỹ Thuật</subfield>
   <subfield code="b">Dành cho Sinh viên Kiến Trúc</subfield>
   <subfield code="n">Tập 3</subfield>
   <subfield code="c">Nguyễn Thị Lan Phương (chủ biên); Lê Đức Lai, Nguyễn Việt Khoa, ...</subfield>
  </datafield>
  <datafield tag="260" ind1=" " ind2=" ">
   <subfield code="a">H.</subfield>
   <subfield code="b">Xây dựng</subfield>
   <subfield code="c">2014</subfield>
  </datafield>
  <datafield tag="300" ind1=" " ind2=" ">
   <subfield code="a">92 tr.</subfield>
   <subfield code="b">Minh họa</subfield>
   <subfield code="c">27cm</subfield>
  </datafield>
  <datafield tag="520" ind1="3" ind2=" ">
   <subfield code="a">Phần 7. VẼ TRANG TRÍ             1. Lược sử nghệ thuật trang trí       2. Các khái niệm cơ bản của trang trí       3. Các kết cấu cơ bản       4. Các kiểu bài trang trí cơ bản: hình vuông, chữ nhật,    diềm tường, vải hoa, tranh kính màu...       5. Bài trang trí hình vuông       6. Bài trang trí hình chữ nhật       7. Bài trang trí hình tròn       8. Bài trang trí diềm tường       9. Bài trang trí kính màu Phần VI. ĐIÊU KHẮC           I. Lý thuyết về mục đích, định nghĩa, chất liệu, loại hình và lược sử điêu khắc        1. Định nghĩa        2. Lược sử điêu khắc        3. Mục đích dạy và học môn điêu khắc        4. Ngôn ngữ và chất liệu điêu khắc       5. Một số loại hình điêu khắc        6. Sự khác nhau giữa tượng đài và tượng trang trí        7. Một số nguyên tắc cơ bản trong bố cục tượng tròn và phù điêu        8. Các kỹ thuật điêu khắc II. Kỹ năng thực hành cơ bản        1. Chuẩn bị dụng cụ - vật liệu        2. Sinh viên tập các kỹ năng chuẩn bị đất BÀI TẬP THỰC HÀNH Bài 1: Chép đầu tượng theo tỷ lệ 1.1        1. Mục đích, yêu cầu        2. Chuẩn bị đầu tượng mẫu        3. Dàn vị trí các bàn xoay        4. Các bước thực hiện bài chép đầu tượng Bài 2: Chuyển đầu tượng sang phù điêu (35 ´ 35cm)        1. Mục đích, yêu cầu        2. Chuẩn bị đầu tượng mẫu        3. Dàn vị trí các giá nặn        4. Các bước thực hiện Bài học kỳ: sáng tác một tác phẩm điêu khắc gắn liền với kiến trúc  trong một không gian cụ thể         1. Mục đích, yêu cầu         2. Quy định chung         3. Gợi ý về sự tham gia của khối điêu khắc vào công trình kiến trúc         4. Gợi ý về sự tham gia của điêu khắc trong một tổng thể                    không gian kết hợp với các khối kiến trúc         5. Lưu ý về kỹ thuật khi thực hiện         6. Các công đoạn thực hiện  Phần VII. MỐI LIÊN QUAN KIẾN TRÚC - ĐIÊU KHẮC - HỘI HOẠ  I. Mối liên quan kiến trúc - điêu khắc         1. Kiến trúc chính là Điêu khắc         2. Kiến trúc kết hợp với Điêu khắc, tạo thành một chỉnh thể                    Kiến trúc -  Điêu khắc  II. Mối liên quan kiến trúc - hội hoạ         1. Kiến trúc có trang trí nội thất và tranh tường         2. Kiến trúc có tranh ghép đá màu         3. Kiến trúc có trang trí bằng cách ghép gốm sứ màu         4. Kiến trúc có tranh kính màu         5. Kết cấu và chạm khắc trang trí kiến trúc được sơn son thếp vàng  III. Những kiến trúc nghệ thuật hiện đại kỳ lạ - tổng hoà của cả               kiến trúc, điêu khắc và hội hoạ         1. Nhà thờ Sagrada Familia của kiến trúc sư Antonio Gaudi         2. Bảo tàng Nghệ thuật hiện đại và đương đại Guggenheim ở Bilbao         3. Phức hợp nhà Waldspirale (rừng xoắn ốc)         4. Izola Social Housing (nhà ở xã hội) ở Izola, Slovenia.</subfield>
  </datafield>
  <datafield tag="653" ind1=" " ind2=" ">
   <subfield code="a">Kiến trúc</subfield>
  </datafield>
  <datafield tag="700" ind1="1" ind2=" ">
   <subfield code="a">Lê Đức Lai</subfield>
  </datafield>
  <datafield tag="700" ind1="1" ind2=" ">
   <subfield code="a">Nguyễn Việt Khoa</subfield>
  </datafield>
  <datafield tag="700" ind1="1" ind2=" ">
   <subfield code="a">Trần Quốc Chiến</subfield>
  </datafield>
  <datafield tag="700" ind1="1" ind2=" ">
   <subfield code="a">Phạm Thị Thịnh</subfield>
  </datafield>
  <datafield tag="700" ind1="1" ind2=" ">
   <subfield code="a">Vũ Thu Hiền</subfield>
  </datafield>
  <datafield tag="700" ind1="1" ind2=" ">
   <subfield code="a">Lê Xuân Đại</subfield>
  </datafield>
  <datafield tag="942" ind1=" " ind2=" ">
   <subfield code="2">ddc</subfield>
   <subfield code="c">BK</subfield>
  </datafield>
  <datafield tag="952" ind1=" " ind2=" ">
   <subfield code="0">0</subfield>
   <subfield code="1">0</subfield>
   <subfield code="2">ddc</subfield>
   <subfield code="4">0</subfield>
   <subfield code="6">702_075000000000000_M_600</subfield>
   <subfield code="7">0</subfield>
   <subfield code="9">9167</subfield>
   <subfield code="a">000001</subfield>
   <subfield code="b">000001</subfield>
   <subfield code="d">2018-06-01</subfield>
   <subfield code="o">702.075 M.600</subfield>
   <subfield code="p">MD.08688</subfield>
   <subfield code="r">2018-06-01</subfield>
   <subfield code="w">2018-06-01</subfield>
   <subfield code="y">BK</subfield>
  </datafield>
  <datafield tag="952" ind1=" " ind2=" ">
   <subfield code="0">0</subfield>
   <subfield code="1">0</subfield>
   <subfield code="2">ddc</subfield>
   <subfield code="4">0</subfield>
   <subfield code="6">702_075000000000000_M_600</subfield>
   <subfield code="7">0</subfield>
   <subfield code="9">9168</subfield>
   <subfield code="a">000001</subfield>
   <subfield code="b">000001</subfield>
   <subfield code="d">2018-06-01</subfield>
   <subfield code="o">702.075 M.600</subfield>
   <subfield code="p">MD.08689</subfield>
   <subfield code="r">2018-06-01</subfield>
   <subfield code="w">2018-06-01</subfield>
   <subfield code="y">BK</subfield>
  </datafield>
  <datafield tag="952" ind1=" " ind2=" ">
   <subfield code="0">0</subfield>
   <subfield code="1">0</subfield>
   <subfield code="2">ddc</subfield>
   <subfield code="4">0</subfield>
   <subfield code="6">702_075000000000000_M_600</subfield>
   <subfield code="7">0</subfield>
   <subfield code="9">9169</subfield>
   <subfield code="a">000001</subfield>
   <subfield code="b">000001</subfield>
   <subfield code="d">2018-06-01</subfield>
   <subfield code="o">702.075 M.600</subfield>
   <subfield code="p">MD.08690</subfield>
   <subfield code="r">2018-06-01</subfield>
   <subfield code="w">2018-06-01</subfield>
   <subfield code="y">BK</subfield>
  </datafield>
  <datafield tag="980" ind1=" " ind2=" ">
   <subfield code="a">Thư viện Trường Đại học Nam Cần Thơ</subfield>
  </datafield>
 </record>
</collection>
